LEADER 00915nam0 2200265 450 001 000013259 005 20080618160951.0 100 $a20080618d1989----km-y0itay50------ba 101 0 $aita 102 $aIT 105 $ay-------001yy 200 1 $a<>industria fra capitale e lavoro$epiccole e grandi imprese dall'autunno caldo alla ristrutturazione$fFabrizio Barca, Marco Magnani 210 $aBologna$cIl Mulino$d[1989] 215 $a323 p.$d22 cm 225 2 $aStudi e ricerche$v255 410 0$12001$aStudi e ricerche 610 1 $aAziende industriali$aItalia$a1970-1986 676 $a338.60945$v19$9Organizzazione della produzione. Italia 700 1$aBarca,$bFabrizio$080367 701 1$aMagnani,$bMarco$0123055 801 0$aIT$bUNIPARTHENOPE$c20080618$gRICA$2UNIMARC 912 $a000013259 951 $a126/139$b6961$cNAVA2 996 $aIndustria fra capitale e lavoro$9459634 997 $aUNIPARTHENOPE